| 000 | 00656nam a2200157 a 4500 | ||
|---|---|---|---|
| 001 | 000031993 | ||
| 005 | 20250924073803.0 | ||
| 008 | 110707s2004 dr 000 0 spa d | ||
| 040 |
_aDO-SdBNP _bspa _cBNPHU |
||
| 245 | 0 | 0 | _aPalabras pronunciadas por el rector magnífico, Dr. Porfirio García Fernández en el acto de inaguración de la III puerta monumental de la UASD. |
| 260 |
_aSanto Domingo : _bEditora Universitaria, _c2004. |
||
| 300 |
_a16 p. : _bil., retrs. ; _c16 cm. |
||
| 490 | 1 |
_aPublicaciones de la Universidad Autónoma de Santo Domingo _v1163 |
|
| 830 | 1 |
_aPublicaciones de la Universidad Autónoma de Santo Domingo _V1163 _952 |
|
| 049 | _aBNPD | ||
| 999 |
_c31484 _d31484 |
||